<?xml version="1.0" encoding="UTF-8"?>
<record
    xmlns:xsi="http://www.w3.org/2001/XMLSchema-instance"
    xsi:schemaLocation="http://www.loc.gov/MARC21/slim http://www.loc.gov/standards/marcxml/schema/MARC21slim.xsd"
    xmlns="http://www.loc.gov/MARC21/slim">

  <leader>00720nam a2200253uu 4500</leader>
  <controlfield tag="001">1154363</controlfield>
  <controlfield tag="005">20260507114319.0</controlfield>
  <controlfield tag="008">090714s1995                        eng  </controlfield>
  <datafield tag="020" ind1=" " ind2=" ">
    <subfield code="a">0821802682</subfield>
  </datafield>
  <datafield tag="035" ind1=" " ind2=" ">
    <subfield code="a">1154363</subfield>
  </datafield>
  <datafield tag="035" ind1=" " ind2=" ">
    <subfield code="a">(OCoLC)777276788</subfield>
  </datafield>
  <datafield tag="040" ind1=" " ind2=" ">
    <subfield code="c">comduadb</subfield>
  </datafield>
  <datafield tag="041" ind1=" " ind2=" ">
    <subfield code="a">eng</subfield>
  </datafield>
  <datafield tag="082" ind1=" " ind2="4">
    <subfield code="a">516</subfield>
  </datafield>
  <datafield tag="100" ind1="1" ind2="0">
    <subfield code="a">Miranda, Rick,</subfield>
    <subfield code="d"> 1953-</subfield>
    <subfield code="4">aut</subfield>
    <subfield code="e">aut</subfield>
    <subfield code="9">577709</subfield>
  </datafield>
  <datafield tag="245" ind1="1" ind2="0">
    <subfield code="a">Algebraic curves and riemann surfaces</subfield>
  </datafield>
  <datafield tag="260" ind1=" " ind2=" ">
    <subfield code="a">Estados Unidos :</subfield>
    <subfield code="b">Board,</subfield>
    <subfield code="c">1995.</subfield>
  </datafield>
  <datafield tag="300" ind1=" " ind2=" ">
    <subfield code="a">390 p&#xE1;ginas</subfield>
  </datafield>
  <datafield tag="490" ind1="0" ind2=" ">
    <subfield code="a">Graduate Studies in Mathematics ;</subfield>
    <subfield code="v">5</subfield>
  </datafield>
  <datafield tag="500" ind1=" " ind2=" ">
    <subfield code="a">Reimpresion con correcciones 1997.</subfield>
  </datafield>
  <datafield tag="650" ind1=" " ind2="7">
    <subfield code="a">Curvas algebraicas</subfield>
    <subfield code="2">lemb</subfield>
    <subfield code="9">45063</subfield>
  </datafield>
  <datafield tag="650" ind1=" " ind2=" ">
    <subfield code="a">Teorema de Riemann-Roch</subfield>
    <subfield code="9">70970</subfield>
  </datafield>
  <datafield tag="942" ind1=" " ind2=" ">
    <subfield code="c">BOOK</subfield>
  </datafield>
  <datafield tag="999" ind1=" " ind2=" ">
    <subfield code="c">514560</subfield>
    <subfield code="d">514560</subfield>
  </datafield>
  <datafield tag="952" ind1=" " ind2=" ">
    <subfield code="0">0</subfield>
    <subfield code="1">0</subfield>
    <subfield code="4">0</subfield>
    <subfield code="7">0</subfield>
    <subfield code="8">GEN</subfield>
    <subfield code="a">BC</subfield>
    <subfield code="b">BC</subfield>
    <subfield code="d">2009-07-14</subfield>
    <subfield code="e">Amazon.Com</subfield>
    <subfield code="g">544.50</subfield>
    <subfield code="i">C1056289</subfield>
    <subfield code="l">0</subfield>
    <subfield code="o">516.3 M672</subfield>
    <subfield code="p">0682798</subfield>
    <subfield code="r">2026-04-28 14:42:51</subfield>
    <subfield code="t">1</subfield>
    <subfield code="w">2023-04-29</subfield>
    <subfield code="y">BOOK</subfield>
  </datafield>
</record>
